[Event "North Sea Cup 19th"]
[Site "Esbjerg"]
[Date "2004.07.07"]
[Round "6"]
[White "Jakobsen, Martin Skov"]
[Black "Andersen, Hans"]
[Result "1-0"]
[WhiteElo "2189"]
[BlackElo "2060"]
[PlyCount "91"]
[EventDate "2004.07.03"]
[EventType "swiss"]
[EventRounds "9"]
[EventCountry "DEN"]
[SourceTitle "CBM 101 Extra"]
[Source "ChessBase"]
[SourceDate "2004.09.01"]
[SourceVersion "2"]
[SourceVersionDate "2004.09.01"]
[SourceQuality "1"]

1. e4 e5 2. Nc3 Nc6 3. Bc4 Nf6 4. d3 Be7 5. f4 d6 6. Nf3 exf4 7. Bxf4 Be6 8. Bb5 a6 9. Ba4 b5 10. Bb3 Bxb3 11. axb3 0-0 12. 0-0 Ng4 13. d4 f5 14. Qd3 g5 15. Bc1 f4 16. Nd5 Nb8 17. c4 c6 18. Nxe7+ Qxe7 19. cxb5 cxb5 20. h3 Nh6 21. e5 d5 22. g4 Nc6 23. Bd2 Kh8 24. Rac1 Rac8 25. Rc5 Nxd4 26. Rxd5 Nxf3+ 27. Rxf3 Rfd8 28. Bb4 Qa7+ 29. Kg2 Rxd5 30. Qxd5 Rc2+ 31. Kf1 Rc1+ 32. Ke2 Qg1 33. Qd3 Qh2+ 34. Rf2 f3+ 35. Qxf3 Qxe5+ 36. Kd3 Ng8 37. Bc3 Rxc3+ 38. bxc3 Qd6+ 39. Kc2 Qa3 40. Qe3 Qa2+ 41. Kd3 Qb1+ 42. Kd4 Qg6 43. Qe5+ Qg7 44. Rf7 Qxe5+ 45. Kxe5 Nh6 46. Ra7 1-0

[Event "Aarhus cand"]
[Site "Aarhus"]
[Date "2003.07.31"]
[Round "5"]
[White "Jakobsen, Martin Skov"]
[Black "Petersen, Tom Petri"]
[Result "1/2-1/2"]
[WhiteElo "2146"]
[BlackElo "2194"]
[PlyCount "96"]
[EventDate "2003.07.27"]
[EventType "tourn"]
[EventRounds "9"]
[EventCountry "DEN"]
[SourceTitle "CBM 095 Extra"]
[Source "ChessBase"]
[SourceDate "2003.09.04"]
[SourceVersion "1"]
[SourceVersionDate "2003.09.04"]
[SourceQuality "1"]

1. f4 g6 2. Nf3 Bg7 3. g3 c5 4. Bg2 Nc6 5. c3 d6 6. 0-0 Bd7 7. d3 e6 8. Na3 Nge7 9. Bd2 0-0 10. Nc2 b5 11. e4 Qb6 12. Ne3 a5 13. Rb1 a4 14. h4 a3 15. b3 b4 16. c4 Nd4 17. Nxd4 Bxd4 18. Kh2 Rae8 19. Nc2 Bg7 20. Be3 Nc6 21. Qd2 f5 22. Rbd1 e5 23. Bf3 Nd4 24. Bxd4 exd4 25. exf5 Bxf5 26. Qg2 Qd8 27. Kg1 Re7 28. Rf2 Kh8 29. Rfd2 Qc8 30. Rc1 Rfe8 31. Bc6 Rf8 32. Bf3 Bf6 33. Kh2 Rfe8 34. Rf1 Bd7 35. Be4 Bf5 36. Bf3 h5 37. Rc1 Kg7 38. Rf1 Bg4 39. Be4 Bf5 40. Bf3 Qd8 41. Bd5 Re3 42. Rf3 Bg4 43. Nxe3 Bxf3 44. Nf5+ gxf5 45. Qxf3 Kg6 46. Re2 Rxe2+ 47. Qxe2 Qe7 48. Qxe7 Bxe7 1/2-1/2